|
|
|
|
| LEADER |
00674nab a2200145 i 4500 |
| 001 |
delm68695 |
| 005 |
20180927153721.0 |
| 008 |
180927s1967 hu o 0|| hun d |
| 040 |
|
|
|a SZTE Délmagyarország Archívum
|b hun
|
| 041 |
|
|
|a hun
|
| 245 |
0 |
0 |
|a Felvásárlás, támogatás, árpolitika
|h [elektronikus dokumentum] :
|b Sikeres esztendőt zárt a MÉK
|
| 260 |
|
|
|c 1967-03-30
|
| 300 |
|
|
|a 3
|
| 490 |
0 |
|
|a Délmagyarország
|v 57 No. 75
|
| 695 |
|
|
|a Bartolák Mihály, Bódi István, Szabó Sándor, Hunyadkürti Lajos, Török Imre, Regőczi István, Szövetkezetek Csongrád megyei értékesítő központja (MÉK), Szövetkezetek Csongrád Megyei Értékesítő Központja közgyűlés 1967
|